000 02071nam a22002057a 4500
005 20260109145820.0
006 a|||||r|||||||||||
008 260109s |||||||| |||| 00| ||gre d
040 _aGR-ThMCL
_bgre
_dGR-ThMCL
_eAACR2
044 _agr
245 1 0 _aThe Future of Tourism:
_bInnovation and Sustainability
260 _aUnited Kingdom
_bSpringer,
_c2019
300 _a337 σ.
520 _aThis book presents the foundations for the future of tourism in a structured and detailed format. The who-is-who of tourism intelligence has collaborated to present a definitive blueprint for tourism reflecting the role of science, market institutions, and governance in its innovation and sustainability. The book adopts a comprehensive approach, exploring recent research and the latest developments in practice to inform the reader about instruments and actions that can shape a successful future for tourism. Broad in scope, the book incorporates the perspectives of leading tourism academics, as well as the views of tourism entrepreneurs, destination managers, government officials, and civil leaders. The book is divided into three parts, the first of which addresses the scientific facets of innovation, analyzing the challenges and opportunities that technology provides for organic and disruptive developments in tourism, which will shape its future. In turn, the second part examines socio-cultural paradigms – with a view to dismantling traditional barriers to innovation. It also explores the role of heritage and the ethics of inclusiveness as drivers for sustainable tourism. The third part investigates new ways and means in governance and policy making for tourism. It introduces advances such as strategic positioning, symbiotic partnerships, and innovative management, and closes by presenting governance frameworks for an inclusive and sustainable future of tourism.
650 4 _aTourism and Hospitality
700 1 _4340
_aFayos-Solà, Eduardo
_dΕπιμελητής
710 2 _4340
_aCooper, Chris
942 _cBK
999 _c10026
_d10026